David Moyes' Manchester United - Statistics

General Stats
  • This quiz has been taken 24 times
  • The average score is 24 of 28
Answer Stats
Rank Player Position Nationality Matches Goals Assists % Correct
3 Antonio Valencia Right-Back 41 4 4
100%
1 David de Gea Goalkeeper 48 0 1
100%
6 Michael Carrick Defensive Midfield 36 1 0
100%
11 Nemanja Vidic‎ Centre-Back 30 2 0
100%
2 Patrice Evra Left-Back 42 3 5
100%
17 Robin van Persie Centre-Forward 25 17 4
100%
4 Wayne Rooney Centre-Forward 39 17 20
100%
9 Adnan Januzaj Right Winger 32 4 5
95%
16 Jonny Evans Centre-Back 25 2 0
95%
23 Juan Mata Attacking Midfield 12 3 4
95%
20 Marouane Fellaini Central Midfield 20 0 1
95%
24 Nani Left Winger 12 1 0
95%
5 Phil Jones Centre-Back 36 3 1
95%
13 Rafael Right-Back 29 0 1
95%
15 Shinji Kagawa Attacking Midfield 27 0 2
95%
19 Rio Ferdinand Centre-Back 20 0 0
90%
18 Ryan Giggs Left Midfield 21 0 2
90%
25 Anderson Central Midfield 8 0 0
86%
7 Chris Smalling Centre-Back 36 2 0
86%
10 Chicharito Centre-Forward 32 9 4
81%
8 Danny Welbeck Centre-Forward 33 10 3
81%
28 Fábio Right-Back 3 1 0
81%
21 Darren Fletcher Central Midfield 16 0 0
71%
12 Tom Cleverley Central Midfield 30 1 1
71%
27 Anders Lindegaard Goalkeeper 3 0 0
67%
14 Ashley Young Right-Back 28 3 3
62%
22 Alexander Büttner Left-Back 14 0 1
52%
26 Wilfried Zaha Left Winger 4 0 0
52%
No matching quizzes found
Score Distribution
Percent of People with Each Score
Percentile by Number Answered
Your Score History
You have not taken this quiz